Quick Pick: Quitting While Ahead Quiz Stats

 Plays Quiz Updated Dec 10, 2018

Support Sporcle.
Go Orange.
Score 0/10 Timer 01:30
1 Play Today
% Correct
Joe DiMaggio
84.1%
Lennox Lewis
81.5%
Mark Spitz
79%
John Elway
74.3%
Bill Russell
72.6%
Marion Bartoli
72.2%
Zinedine Zidane
69.2%
Nico Rosberg
63.7%
Ray Bourque
58.2%
Ned Jarrett
50.7%

Today's Daily Dose

You're not logged in!

Compare scores with friends on all Sporcle quizzes.
OR
Log In
Forgot?

From the Vault

Remove Ads.
Support Sporcle.
Get the best of Sporcle when you Go Orange. This ad-free experience offers more features, more stats, and more fun while also helping to support Sporcle. Thank you for becoming a member.

Show Comments

Extras

Top Quizzes Today


Score Distribution

Your Account Isn't Verified!

In order to create a playlist on Sporcle, you need to verify the email address you used during registration. Go to your Sporcle Settings to finish the process.

Report this User

Report this user for behavior that violates our Community Guidelines.

Details: